| 000 | 00414cam a2200157ua 4500 | ||
|---|---|---|---|
| 041 |
_aeng _h |
||
| 082 |
_a591.51 _bZAN/CU |
||
| 100 | _aZangwill, O L . | ||
| 245 |
_aCurrent problems in animal behaviour / _cO L Zangwill. _hTextual Documents |
||
| 260 |
_aCambridge : _bCambridge University Press , _c1961. |
||
| 300 | _a424 ; . | ||
| 504 | _a | ||
| 700 | 1 | _aThorpe, W H . | |
| 942 | _cBK | ||
| 999 |
_c9280 _d9280 |
||